Govorite po-russki? II
Salvato in:
| Autore principale: | |
|---|---|
| Ente Autore: | |
| Altri autori: | , , , |
| Natura: | Libro |
| Lingua: | russo slovacco |
| Pubblicazione: |
Bratislava
Vydavateľstvo EKONÓM
2020
|
| Edizione: | 2. prepracované a doplnené vydanie |
| Soggetti: | |
| Tags: |
Nessun Tag, puoi essere il primo ad aggiungerne!!
|
MARC
| LEADER | 00000nam a2200000 4500 | ||
|---|---|---|---|
| 001 | 0268173 | ||
| 005 | 20240502074215.6 | ||
| 020 | |a 978-80-225-4711-6 | ||
| 041 | 0 | |a rus | |
| 041 | 0 | |a slo | |
| 044 | |a SK | ||
| 245 | 1 | 0 | |a Govorite po-russki? II |c Roman Kvapil a kolektív ; recenzenti: Tatjana Grigorjanová, Gabriela Rechtoríková |
| 250 | |a 2. prepracované a doplnené vydanie | ||
| 264 | 1 | |a Bratislava |b Vydavateľstvo EKONÓM |c 2020 | |
| 300 | |a 142 s. [12,01 AH] | ||
| 610 | 2 | 0 | |a jazykoveda |
| 610 | 2 | 0 | |a jazyky cudzie |
| 610 | 2 | 0 | |a ruština |
| 610 | 2 | 0 | |a gramatika |
| 610 | 2 | 0 | |a zásoba slovná |
| 610 | 2 | 0 | |a terminológia |
| 100 | 1 | |a Kvapil, Roman, 1971- | |
| 700 | 1 | |a Dziváková, Michaela, 1979- | |
| 700 | 1 | |a Uličná, Martina, 1971- | |
| 700 | 1 | |a Grigorjanová, Tatjana, 1960- | |
| 700 | 1 | |a Rechtoríková, Gabriela | |
| 710 | 2 | |a Ekonomická univerzita v Bratislave. Fakulta aplikovaných jazykov | |